Drone wars : (Record no. 83857)

MARC details
000 -LEADER
fixed length control field 00539nam a22001817a 4500
005 - DATE AND TIME OF LATEST TRANSACTION
control field 20140507102735.0
010 ## - LCCN (DPL NO)
LC control number ENG-109831
020 ## - INTERNATIONAL STANDARD BOOK NUMBER
International Standard Book Number 9789381904732
Terms of availability 880.00
035 ## - SYSTEM CONTROL NUMBER
System control number EN-93364
037 ## - SOURCE OF ACQUISITION
Source of stock number/acquisition DBAD/PUB
100 ## - MAIN ENTRY--PERSONAL NAME
Personal name Jha, U.C.
245 00 - TITLE STATEMENT
Title Drone wars :
Statement of responsibility, etc by U.C. Jha
Remainder of title ethical, legal and strategic implications /
260 ## - PUBLICATION, DISTRIBUTION, ETC. (IMPRINT)
Place of publication, distribution, etc New Delhi
Name of publisher, distributor, etc KW Publishers
Date of publication, distribution, etc 2014
270 ## - ADDRESS
Address 4676/21, First Floor, Ansari Road, Daryaganj,
City New Delhi
Postal code 110002
300 ## - PHYSICAL DESCRIPTION
Extent xvii,284p.
Dimensions 23cm(Hb)
500 ## - GENERAL NOTE
General note Includes index
942 ## - ADDED ENTRY ELEMENTS (KOHA)
Source of classification or shelving scheme Dewey Decimal Classification
Item type English Books
Call number suffix JHA
Holdings
Withdrawn status Lost status Not for loan Collection code Home library Current library Date acquired Source of acquisition Cost, normal purchase price Full call number Barcode Copy number Cost, replacement price Koha item type
    Not For Loan Non-fiction D.B.Act.Division D.B.Act.Division 29/04/2014 DBAD/PUB 880.00 JHA EN-93364 1 880.00 English Books

© Delhi Public Library
Hit Counter
free hit counter